Datum a čas kvízu
17.5
Celkem bodů
Celkový počet nahraných bodů na tomto kvízu bez doplňovacích otázek.
7.
Pořadí na kvízu
Konečné umístění týmu na tomto kvízu.
Zaznamenané odpovědi
| # | Otázka | Odpověď | Body | Výsledky |
|---|---|---|---|---|
| 1. | V jedné české zoologické zahra... | v Olomouci | 0 | |
| 2. | Jeden z vysoce postavených stá... | na Slovensku | 1 | |
| 3. | V sobotu proběhl velkolepý kon... | Rio di Janeiro | 1 | |
| 4. | Minulý týden byl na aukci v ji... | (zlaté) hodinky | 0 | |
| 5. | Co způsobilo posunutí začátku... | C) na hřišti se usadil včelí roj | 1 | |
| 6. | Vítězné téma facebookového hla... | Baryk | 0 | |
| 7. | Jak se jmenoval herec, který v... | Lubomír Kostelka | 0 | |
| 8. | Který zahraniční dětský seriál... | Tlapková patrola | 0 | |
| 9. | „Chip, Chip, Chip, Chip a Dale... | tajně vinu svou | 0 | |
| 10. | Napište název oblíbeného dětsk... | Včelka Mája | 0 |